00920nam a2200217 a 4500003000200000005001700002008004100019050003300060100003900093245008000132260009300212300004000305504004100345650004400386650003400430650004100464650003300505942001400538999001700552952013300569020250225142813.0100827s19uu xx 00 eng d aPGS PN 1995.9.C4b.W553 2010 aWharton, Carl John William Fabian. aMovie preferences and its consequences /cCarl John William Fabian Wharton. aLas Piñas City, Philippines : bSouthville International School and Colleges, c2010. a22 pages :billustrations ;c28 cm. aIncludes bibliographical references. aMotion picturesvPsychological aspects. aMotion pictures and children. aInterpersonal relations in children. aMedia influence on children. 2lcccPASS c98349d98349 00102lcc40aLUXbLUXcPASSd2010-08-27eDONATIONl0oPGS PN 1995.9.C4 .W553 2010pP2448r2014-04-08 00:00:00w2014-04-08yPASS